Esquema de ordenamiento y desarrollo territorial del municipio de Puerto Cabezas (RA.A.N) periodo 2013-2028
Presenta un esquema de ordenamiento y desarrollo territorial para el municipio de Puerto Cabezas 2013-2028, como instrumento de planificación territorial útil para el gobierno municipal que oriente y norme el uso y ocupación sostenible del territorio, la formulación y actualización de planes o...
| Main Authors: | , |
|---|---|
| Other Authors: | |
| Format: | Tesis Section = Libro |
| Language: | Undetermined Spanish |
| Published: |
Managua
UNI
2014
|
| Subjects: |
| LEADER | 01356nam a2200289Ia 4500 | ||
|---|---|---|---|
| 008 | 240830s9999 xx 000 0 und d | ||
| 040 | |a BIBLIOTECA-RUSB/ Mon 307.14 L864 | ||
| 041 | |a spa | ||
| 082 | |a Mon 307.14 L864 | ||
| 100 | 1 | |a López Wilson, Eva Leticia | |
| 100 | 1 | |b Rojas Rojas, Ericka Violeta | |
| 245 | 1 | 0 | |a Esquema de ordenamiento y desarrollo territorial del municipio de Puerto Cabezas (RA.A.N) periodo 2013-2028 |
| 260 | |a Managua |b UNI |c 2014 | ||
| 300 | |a 204 p. :il. | ||
| 500 | |a Contiene: anexos, glosario e Incluye: CD. | ||
| 502 | |a Tesis (Arquitecto) - UNI, 2014. | ||
| 520 | 3 | |a Presenta un esquema de ordenamiento y desarrollo territorial para el municipio de Puerto Cabezas 2013-2028, como instrumento de planificación territorial útil para el gobierno municipal que oriente y norme el uso y ocupación sostenible del territorio, la formulación y actualización de planes o programas de desarrollo territorial y urbano, con el fin de contribuir al desarrollo humano municipal. | |
| 650 | 7 | |a DESARROLLO DE LA COMUNIDAD | |
| 650 | 7 | |b USO DE LA TIERRA | |
| 650 | 7 | |c ORDENAMIENTO TERRITORIAL | |
| 650 | 7 | |d PROYECTOS MUNICIPALES-DESARROLLO HUMANO | |
| 650 | 7 | |e PLANIFICACION MUNICIPAL | |
| 650 | 7 | |f PRESUPUESTO | |
| 700 | 1 | |a Tutor: |b González Jirón, Jorge Samuel | |
| 942 | |c BK |2 ddc | ||
| 991 | |a TESIS | ||
| 999 | |c 19883 | ||